Zwycięzcy konkursów Pucharu Świata 2014/15 w skokach narciarskich - Statystyki

Ogólne statystyki
  • Ten quiz został rozwiązany 34 razy
  • Średni wynik to 29 z 32
Statystyki odpowiedzi
Data Miejscowość Skocznia Narodowość Zwycięzca % Poprawnych
18.01.2015 Zakopane duża Polska Kamil Stoch
100%
30.01.2015 Willingen duża Polska Kamil Stoch
100%
24.01.2015 Sapporo duża Słowenia Peter Prevc
100%
14.02.2015 Vikersund mamucia Słowenia Peter Prevc
100%
20.03.2015 Planica mamucia Słowenia Peter Prevc
100%
23.11.2014 Klingenthal duża Czechy Roman Koudelka
100%
7.12.2014 Lillehammer duża Czechy Roman Koudelka
100%
21.12.2014 Engelberg duża Czechy Roman Koudelka
100%
25.01.2015 Sapporo duża Czechy Roman Koudelka
100%
28.11.2014 Ruka duża Szwajcaria Simon Ammann
97%
29.11.2014 Ruka duża Szwajcaria Simon Ammann
97%
Japonia Noriaki Kasai
94%
14.12.2014 Niżny Tagił duża Niemcy Severin Freund
94%
10.01.2015 Tauplitz mamucia Niemcy Severin Freund
94%
1.02.2015 Willingen duża Niemcy Severin Freund
94%
7.02.2015 Titisee-Neustadt duża Niemcy Severin Freund
94%
15.02.2015 Vikersund mamucia Niemcy Severin Freund
94%
10.03.2015 Kuopio normalna Niemcy Severin Freund
94%
12.03.2015 Trondheim duża Niemcy Severin Freund
94%
14.03.2015 Oslo duża Niemcy Severin Freund
94%
15.03.2015 Oslo duża Niemcy Severin Freund
94%
29.12.2014 Oberstdorf duża Austria Stefan Kraft
94%
15.01.2015 Wisła duża Austria Stefan Kraft
94%
8.03.2015 Lahti duża Austria Stefan Kraft
94%
20.12.2014 Engelberg duża Niemcy Richard Freitag
84%
4.01.2015 Innsbruck duża Niemcy Richard Freitag
84%
6.01.2015 Bischofshofen duża Austria Michael Hayböck
72%
6.12.2014 Lillehammer duża Austria Gregor Schlierenzauer
69%
22.03.2015 Planica mamucia Słowenia Jurij Tepeš
66%
1.01.2015 Garmisch-Partenkirchen duża Norwegia Anders Jacobsen
63%
13.12.2014 Niżny Tagił duża Norwegia Anders Fannemel
59%
8.02.2015 Titisee-Neustadt duża Norwegia Anders Fannemel
59%
Nie znaleziono quizów pasujących do podanych kryteriów
Rozkład punktacji
Procent ludzi z każdym wynikiem
Percentyl według liczby udzielonych odpowiedzi
Twoja historia wyników
Nie rozwiązałeś tego quizu